Trasa linii autobusowej M101 Mysłowice-Katowice - Statystyki

Ogólne statystyki
  • Ten quiz został rozwiązany 79 razy
  • Średni wynik to 14 z 31
Statystyki odpowiedzi
Miasto Przystanek % Poprawnych
Katowice Wesoła Kopalnia
78%
Mysłowice Wesoła Rynek
67%
Mysłowice Mysłowice Dworzec PKP
63%
Mysłowice Kosztowy Rynek
57%
Mysłowice Mysłowice Bończyka
57%
Mysłowice Brzęczkowice Kościół
55%
Mysłowice Brzęczkowice Słupna
53%
Mysłowice Brzęczkowice Szkoła
53%
Mysłowice Mysłowice Kopalnia
53%
Mysłowice Brzezinka Centrum
51%
Mysłowice Wesoła Piastów Śląskich
51%
Katowice Wilhelmina Skrzyżowanie
51%
Katowice Zawodzie Centrum Przesiadkowe
51%
Mysłowice Mysłowice Katowicka
49%
Mysłowice Wesoła Dzierżonia
47%
Mysłowice Kosztowy Dzióbka
45%
Mysłowice Brzęczkowice Ogródki Działkowe
43%
Katowice Kolonia Stawiska
41%
Mysłowice Krasowy Kościół
41%
Mysłowice Krasowy Rondo
41%
Katowice Wilhelmina Zespół Szkół
39%
Mysłowice Krasowy Orła Białego
37%
Katowice Zawodzie Łączna
35%
Katowice Aleja Korfantego
31%
Mysłowice Brzezinka Dworcowa
31%
Katowice Zawodzie Bohaterów Monte Cassino
31%
Mysłowice Krasowy Ośrodek Zdrowia
29%
Katowice Zawodzie Ośrodek Sportowy
29%
Katowice Strefa Kultury
27%
Mysłowice Krasowy PCK 52
25%
Mysłowice Krasowy Skrzyżowanie
25%
Nie znaleziono quizów pasujących do podanych kryteriów
Rozkład punktacji
Procent ludzi z każdym wynikiem
Percentyl według liczby udzielonych odpowiedzi
Twoja historia wyników
Nie rozwiązałeś tego quizu